| 000 | 00000nam 2200000zi 4500 |
| 001 | 9.925808 |
| 003 | CaOODSP |
| 005 | 20240219183527 |
| 006 | m o d f |
| 007 | cr ||||||||||| |
| 008 | 230802t20232023onca o f000 0 eng d |
| 020 | |a9780660497723 |
| 040 | |aCaOODSP|beng|erda|cCaOODSP |
| 043 | |an-cn--- |
| 086 | 1 |aD69-67/2023E-PDF |
| 245 | 00|aSpace technologies. |
| 264 | 1|a[Ottawa] : |bDRDC = RDDC, |c2023. |
| 264 | 4|c©2023 |
| 300 | |a1 online resource (2 unnumbered pages) : |billustrations |
| 336 | |atext|btxt|2rdacontent |
| 337 | |acomputer|bc|2rdamedia |
| 338 | |aonline resource|bcr|2rdacarrier |
| 500 | |aIssued also in French under title: Technologies spatiales. |
| 500 | |aCaption title. |
| 520 | |a"Space technologies support critical functions in our daily lives. The range of space-enabled applications extends from communications and navigation to earth observation, weather forecasting, security and intelligence operations, and applications requiring precise timing/positioning. Thanks to technological advances and falling costs, more countries and commercial interests now participate in the space economy. However, space debris, spectrum congestion, communications jamming and complex governance may challenge our ability to operate in space"--page [1]. |
| 650 | 0|aAstronautics|xResearch|zCanada. |
| 710 | 2 |aDefence R&D Canada, |eissuing body. |
| 710 | 1 |aCanada. |bDepartment of National Defence, |eissuing body. |
| 775 | 08|tTechnologies spatiales.|w(CaOODSP)9.925807 |
| 856 | 40|qPDF|s317 KB|uhttps://publications.gc.ca/collections/collection_2024/rddc-drdc/D69-67-2023-eng.pdf |